000 00750nam a2200229Ii 4500
003 JO-AjNU
008 230605s9999||||xx |||||||||||||| ||und||
017 _a2007/1/171
020 _a9957-16-306-8
040 _aJO-AjNU
_bara
_erda
_cJO-AjNU
041 _aara
050 1 4 _aK230.N3477.2014
100 3 _a الناهي، صلاح الدين وآخرون ,
_eauthor
_950689
245 0 0 _aالقانون في حياتنا
250 _aط9
264 3 1 _aعمان : دار الثقافة ، 2014
300 _a221ص
_bيشتمل على مراجع ببلوغرافية ص ( 219 - 221 )
336 _atext
_btxt
_2rdacontent
337 _aunmediated
_bn
_2rdamedia
338 _avolume
_bnc
_2rdacarrier
650 4 _aقانون العمل
_950690
999 _aA22344
_c25912
_d25912